Daǫs corporales y Carta Magna

Bibliographic Details
Main Author: Medina Crespo, Mariano
Format: eBook
Language:Spanish
Published: Madrid : Dykinson, 2003
Subjects:
Online Access:http://www.vlex.com/source/7020

MARC

LEADER 00000nam a22000007a 4500
005 20130221184137.0
007 cr|||| ||||
008 130221e2003 sp |||||s|||| 00||0 spa d
020 |a 978-84-9031-177-6 
035 |a 7020 
040 |a vLex 
090 |c 3708  |d 3708 
100 1 0 |a Medina Crespo, Mariano 
245 1 0 |a Daǫs corporales y Carta Magna  |h [Recurso electrn̤ico] 
256 |a Servicio en ln̕ea 
260 |a Madrid :  |b Dykinson,   |c 2003  
300 |a 1 Recurso electrn̤ico 
650 0 4 |a Derecho constitucional  |z Espaą 
650 0 4 |a Derecho penal 
740 |a vLex Libros (Servicio en ln̕ea) 
856 |a Acceso restringido  |u http://www.vlex.com/source/7020 
942 |c BOOK 
999 0 |a Constitutional law